Financial Markets and Institutions (Record no. 5469)

MARC details
000 -LEADER
fixed length control field 00354nam a2200145Ia 4500
008 - FIXED-LENGTH DATA ELEMENTS--GENERAL INFORMATION
fixed length control field 191201s2011 xx 000 0 und d
082 ## - DEWEY DECIMAL CLASSIFICATION NUMBER
Classification number 657.832
Item number GOF
100 ## - MAIN ENTRY--PERSONAL NAME
Personal name GORDON, E
245 #0 - TITLE STATEMENT
Title Financial Markets and Institutions
250 ## - EDITION STATEMENT
Edition statement Rep
260 ## - PUBLICATION, DISTRIBUTION, ETC. (IMPRINT)
Place of publication, distribution, etc N.Delhi
Name of publisher, distributor, etc Himalaya Publication House
Date of publication, distribution, etc 2011
300 ## - PHYSICAL DESCRIPTION
Extent 264
650 ## - SUBJECT ADDED ENTRY--TOPICAL TERM
Topical term or geographic name as entry element MBA
942 ## - ADDED ENTRY ELEMENTS (KOHA)
Source of classification or shelving scheme Dewey Decimal Classification
Koha item type Text Books
Holdings
Withdrawn status Lost status Source of classification or shelving scheme Damaged status Not for loan Collection code Home library Current library Date acquired Source of acquisition Cost, normal purchase price Bill Number Total Checkouts Full call number Acc. no. / Barcode Date last seen Date last borrowed Bill Date Koha item type Checked out Public note
    Dewey Decimal Classification     MBA PIET C-LIBRARY PIET C-LIBRARY 23/08/2012 IBH, New Delhi 175.00 8685 1 332.1 GOF 20722 08/12/2025 24/11/2025 18/08/2012 Text Books    
    Dewey Decimal Classification     MBA PIET C-LIBRARY PIET C-LIBRARY 23/08/2012 IBH, New Delhi 175.00 8685 1 332.1 GOF 20723 22/01/2022 22/01/2022 18/08/2012 Text Books 21/07/2022 .
    Dewey Decimal Classification     MBA PIET C-LIBRARY PIET C-LIBRARY 23/08/2012 IBH, New Delhi 175.00 8685   332.1 GOF 20724 04/12/2019   18/08/2012 Text Books    
    Dewey Decimal Classification     MBA PIET C-LIBRARY PIET C-LIBRARY 23/08/2012 IBH, New Delhi 175.00 8685 1 332.1 GOF 20725 22/12/2025 08/12/2025 18/08/2012 Text Books    
    Dewey Decimal Classification     MBA PIET C-LIBRARY PIET C-LIBRARY 23/08/2012 IBH, New Delhi 175.00 8685   332.1 GOF 20726 04/12/2019   18/08/2012 Text Books    
    Dewey Decimal Classification     MBA PIET C-LIBRARY PIET C-LIBRARY 23/08/2012 IBH, New Delhi 175.00 8685   332.1 GOF 20727 04/12/2019   18/08/2012 Text Books    
    Dewey Decimal Classification     MBA PIET C-LIBRARY PIET C-LIBRARY 23/08/2012 IBH, New Delhi 175.00 8685   332.1 GOF 20728 04/12/2019   18/08/2012 Text Books    

Design & Developed by: PIET Central Library
R70 Miles Stone Pattikalyana Samalkha Panipat 132102
mail ID :- [email protected], Phone No:- 0180-2569700 Ex.216